Tích phân ngẫu nhiên ổn định : Luận văn Thạc sĩ Toán học chuyên ngành: Lý thuyết xác suất và thống kê toán học
Nội dung trình bày tóm tắt các cơ sở lý thuyết cơ bản của lý thuyết xác suất, các quá trình ngẫu nhiên và tích phân ngẫu nhiên. Phân phối ổn định nhiều chiều, phân tích tính ngẫu nhiên ổn định...
Đã lưu trong:
| 主要作者: | |
|---|---|
| 格式: | 圖書 |
| 語言: | Undetermined |
| 出版: |
Cần Thơ
Trường Đại học Cần Thơ
2011
|
| 主題: | |
| 標簽: |
添加標簽
沒有標簽, 成為第一個標記此記錄!
|
| Thư viện lưu trữ: | Trung tâm Học liệu Trường Đại học Cần Thơ |
|---|
| LEADER | 01135nam a2200217Ia 4500 | ||
|---|---|---|---|
| 001 | CTU_167462 | ||
| 008 | 210402s9999 xx 000 0 und d | ||
| 082 | |a 519.4 | ||
| 082 | |b L312 | ||
| 088 | |a 604615 | ||
| 100 | |a Nguyễn, Thị Tuyết Linh | ||
| 245 | 0 | |a Tích phân ngẫu nhiên ổn định : | |
| 245 | 0 | |b Luận văn Thạc sĩ Toán học chuyên ngành: Lý thuyết xác suất và thống kê toán học | |
| 245 | 0 | |c Nguyễn Thị Tuyết Linh ; Dương Tôn Đảm ( hướng dẫn khoa học ) | |
| 260 | |a Cần Thơ | ||
| 260 | |b Trường Đại học Cần Thơ | ||
| 260 | |c 2011 | ||
| 520 | |a Nội dung trình bày tóm tắt các cơ sở lý thuyết cơ bản của lý thuyết xác suất, các quá trình ngẫu nhiên và tích phân ngẫu nhiên. Phân phối ổn định nhiều chiều, phân tích tính ngẫu nhiên ổn định | ||
| 650 | |a Mathematical statistics,Toán xác suất thống kê | ||
| 904 | |i Qhieu | ||
| 980 | |a Trung tâm Học liệu Trường Đại học Cần Thơ | ||